The Feynman lectures on physics :

T[hese] books [are] based upon a course of lectures in introductory physics given by Prof. R. P. Feynman at the California Institute of Technology during the academic year 1961-1962; it covers the first year of the two year introductory course taken by all Caltech freshmen and sophormores, and was f...

وصف كامل

محفوظ في:
التفاصيل البيبلوغرافية
المؤلف الرئيسي: Feynman, Richard Phillips
التنسيق: كتاب
اللغة:Undetermined
منشور في: New York Addison-Wesley 1965
الموضوعات:
الوسوم: إضافة وسم
لا توجد وسوم, كن أول من يضع وسما على هذه التسجيلة!
Thư viện lưu trữ: Trung tâm Học liệu Trường Đại học Cần Thơ
LEADER 00915nam a2200193Ia 4500
001 CTU_2481
008 210402s9999 xx 000 0 und d
082 |a 530 
082 |b F435/Vol.3 
100 |a Feynman, Richard Phillips 
245 4 |a The Feynman lectures on physics : 
245 0 |c Richard P. Feynman, Robert B. Leighton, Matthew Sands 
260 |a New York 
260 |b Addison-Wesley 
260 |c 1965 
520 |a T[hese] books [are] based upon a course of lectures in introductory physics given by Prof. R. P. Feynman at the California Institute of Technology during the academic year 1961-1962; it covers the first year of the two year introductory course taken by all Caltech freshmen and sophormores, and was followed in 1962-63 by a similar series covering the second year. 
650 |a Physics,Vật lý 
904 |i Minh, Hải 
980 |a Trung tâm Học liệu Trường Đại học Cần Thơ